000 00657nam a22001577a 4500
003 OSt
005 20150921133225.0
008 150921b xxu||||| |||| 00| 0 eng d
040 _cRUA
082 _aAGR MAK 2008 B035 Or.1
100 _91007
_aMAK CHANRATANA
245 _aARTHROPDS ON CASHEW TREE IN PRASAT SAMBO DIA TRIT< KAMPONG THOM PROVINCE,(ប្រសិទ្ធភាពសត្វល្អិតទៅលើដំណាំស្វាយចន្ទី ក្នុងស្រុកប្រសាទសំបូរ ខេត្តកំពង់ធំ)
260 _aphnom penh
_bRUA
_c2009
300 _axii,69p.
_cill.
_g29cm.
942 _2ddc
_cAGR
999 _c965
_d965